[Event "Sonderjysk EMT Basis 2 2011"]
[Site "Vojens"]
[Date "2011.05.30"]
[Round "5"]
[White "Petersen, Broder"]
[Black "Jorgensen, Ken Gejl"]
[Result "0-1"]
[WhiteElo "1451"]
[BlackElo "1390"]
[PlyCount "81"]
[EventDate "2011.??.??"]

1. c4 e5 2. e4 Bc5 3. Nf3 d6 4. d4 exd4 5. Nxd4 Qf6 6. Nf3 Bb4+ 7. Nbd2 Bg4 8.
Be2 Nc6 9. O-O Nge7 10. a3 Bc5 11. Nb3 Bb6 12. Qc2 h6 13. Bd2 O-O 14. Bc3 Qg6
15. Nh4 Qh5 16. Bxg4 Qxg4 17. Nf3 Ng6 18. Kh1 Nf4 19. Rg1 f6 20. Bd4 Nxg2 21.
Qd1 Qxe4 22. Bxb6 axb6 23. Rxg2 Qxc4 24. Nbd4 Rfe8 25. Nf5 g5 26. Nxh6+ Kh7 27.
Nf5 Qe4 28. Ng3 Qg4 29. Qd3+ Kh8 30. h3 Qd7 31. Qg6 Qg7 32. Qh5+ Qh7 33. Qg4
Ne5 34. Nxe5 Rxe5 35. Qf3 Rae8 36. Qxf6+ Kg8 37. Qf3 Qxh3+ 38. Kg1 Re1+ 39.
Rxe1 Rxe1+ 40. Nf1 Qxf3 41. Rxg5+ 0-1

[Event "Sonderjysk EMT Basis 2 2011"]
[Site "Vojens"]
[Date "2011.05.30"]
[Round "5"]
[White "Clausen, Susan"]
[Black "Kristensen, Karl Martin"]
[Result "1/2-1/2"]
[WhiteElo "1436"]
[BlackElo "1402"]
[PlyCount "60"]
[EventDate "2011.??.??"]

1. d4 d6 2. Nf3 g6 3. e4 Bg7 4. Be3 Nc6 5. c3 h6 6. Nbd2 e5 7. d5 Nce7 8. b4 a6
9. Be2 f5 10. Nb3 fxe4 11. Nfd2 Nf6 12. c4 h5 13. f3 exf3 14. Bxf3 Bg4 15. O-O
O-O 16. Bg5 Kh7 17. Qe2 Bxf3 18. Rxf3 Qd7 19. h3 Nf5 20. Raf1 Rae8 21. Bxf6
Bxf6 22. g4 Nd4 23. Nxd4 exd4 24. Qg2 Qg7 25. c5 Bg5 26. Rxf8 Rxf8 27. Ne4 Be3+
28. Kh1 Rxf1+ 29. Qxf1 Qe7 30. Qf3 h4 1/2-1/2

[Event "Sonderjysk EMT Basis 2 2011"]
[Site "Vojens"]
[Date "2011.05.30"]
[Round "5"]
[White "Schluenzen, Kurt"]
[Black "Beck, Kresten"]
[Result "1/2-1/2"]
[WhiteElo "1131"]
[BlackElo "1257"]
[PlyCount "69"]
[EventDate "2011.??.??"]

1. d4 d5 2. c4 dxc4 3. e3 e6 4. Bxc4 Nf6 5. Nc3 Bb4 6. Bd2 Bd7 7. a4 a6 8. Nge2
Nc6 9. O-O O-O 10. Bd3 h6 11. b3 Nd5 12. Nxd5 exd5 13. Nc3 Be6 14. Ne2 Bxd2 15.
Qxd2 Qf6 16. Rac1 Qe7 17. Rc5 Qd6 18. Rfc1 Bd7 19. Nf4 Be6 20. Be2 Rfc8 21. Bf3
Ne7 22. Be2 c6 23. Nd3 Ng6 24. a5 Qe7 25. g3 Bf5 26. Bf1 Re8 27. Re1 Qg5 28.
Bg2 Qe7 29. Rc3 Qd7 30. Rec1 Re7 31. Nc5 Qc7 32. Rd3 Rae8 33. Bxd5 Bxd3 34.
Qxd3 Qxa5 35. Bg2 1/2-1/2

[Event "Sonderjysk EMT Basis 2 2011"]
[Site "Vojens"]
[Date "2011.05.23"]
[Round "5"]
[White "Bertelsen, Jorn"]
[Black "Hansen, Uwe"]
[Result "1/2-1/2"]
[WhiteElo "1474"]
[BlackElo "1392"]
[PlyCount "92"]
[EventDate "2011.??.??"]

1. c4 e5 2. Nc3 Nf6 3. g3 c6 4. Bg2 Bc5 5. e3 O-O 6. Nge2 d5 7. d4 exd4 8. exd4
Bb4 9. c5 Bg4 10. O-O Re8 11. Be3 Qc8 12. Qb3 Bxc3 13. Nxc3 Bh3 14. Ne2 Bxg2
15. Kxg2 h5 16. Qd3 h4 17. Bg5 h3+ 18. Kg1 Ne4 19. Bf4 Nd7 20. Nc3 Ndf6 21.
Rae1 Nxc3 22. Qxc3 Ne4 23. Qd3 Re6 24. f3 Nf6 25. Kf2 Nh5 26. Bd6 Qd7 27. Rxe6
Qxe6 28. Re1 Qh6 29. Qe3 Qg6 30. Be5 Re8 31. Qd2 f6 32. Bd6 Rxe1 33. Kxe1 Qb1+
34. Kf2 f5 35. a3 Qh1 36. Ke3 Qg1+ 37. Qf2 Qc1+ 38. Qd2 Qc4 39. Qd3 Qc1+ 40.
Qd2 Qb1 41. Qe2 g5 42. Kf2 Ng7 43. f4 g4 44. Bc7 Qh1 45. Ke3 Ne6 46. Kd2 Qe4
1/2-1/2

[Event "Sonderjysk EMT Basis 2 2011"]
[Site "Vojens"]
[Date "2011.05.30"]
[Round "5"]
[White "Jorgensen, Palle Gejl"]
[Black "Jessen, Morten"]
[Result "1-0"]
[WhiteElo "1425"]
[BlackElo "1410"]
[PlyCount "85"]
[EventDate "2011.??.??"]

1. e4 c5 2. Nc3 Nc6 3. Nf3 d6 4. h3 g6 5. Bb5 Bd7 6. Nd5 Bg7 7. c3 Nf6 8. d3 a6
9. Bc4 Na5 10. Ne3 Nxc4 11. Nxc4 O-O 12. Be3 Bc6 13. Qd2 b5 14. Na3 a5 15. Nc2
c4 16. Nfd4 Bd7 17. Ne2 Qc8 18. Ng3 Qc7 19. d4 Rfb8 20. O-O Qb7 21. d5 b4 22.
Nd4 a4 23. a3 bxc3 24. bxc3 Qb2 25. Qxb2 Rxb2 26. Rfb1 Rab8 27. Rc1 Ne8 28.
Nge2 Nc7 29. Kf1 f5 30. f3 Kf7 31. Ng3 fxe4 32. fxe4 Bxd4 33. cxd4 Bb5 34. Ne2
Ne8 35. Nc3 Bd7 36. Kg1 Nf6 37. Rf1 Kg7 38. e5 Ne8 39. e6 Bb5 40. Rf7+ Kg8 41.
Bh6 Nf6 42. Rf1 Re8 43. Ne4 1-0

[Event "Sonderjysk EMT Basis 2 2011"]
[Site "Vojens"]
[Date "2011.05.30"]
[Round "5"]
[White "Jorgensen, Kristine Gejl"]
[Black "Underbjerg, Niels"]
[Result "1-0"]
[WhiteElo "1038"]
[BlackElo "1218"]
[PlyCount "99"]
[EventDate "2011.??.??"]

1. e4 e5 2. Nc3 Bc5 3. Nf3 Nc6 4. Bc4 d6 5. d3 Nf6 6. Bg5 h6 7. Bxf6 Qxf6 8. h3
O-O 9. Nd5 Qd8 10. O-O Be6 11. c3 a6 12. d4 Ba7 13. dxe5 Nxe5 14. Nxe5 dxe5 15.
Qd3 b5 16. Bb3 c6 17. Nb4 Qxd3 18. Nxd3 Bxb3 19. axb3 Bb8 20. Nc5 a5 21. Nd7
Rd8 22. Nxb8 Rdxb8 23. Rfd1 a4 24. b4 Kf8 25. g3 Ke7 26. Kg2 Rd8 27. Rxd8 Rxd8
28. Ra3 Kd6 29. b3 Ra8 30. bxa4 Rxa4 31. Rb3 c5 32. f4 c4 33. Rb2 Ra1 34. Rd2+
Ke6 35. Rd5 exf4 36. Rxb5 fxg3 37. Rc5 Re1 38. Rxc4 Re3 39. Rc5 g6 40. b5 Rxe4
41. c4 Kd6 42. Rc6+ Kd7 43. c5 Re6 44. Rxe6 fxe6 45. Kxg3 e5 46. Kf3 Ke6 47. b6
Kd7 48. Ke4 Kc6 49. Kxe5 h5 50. Kf4 1-0

[Event "Sonderjysk EMT Basis 2 2011"]
[Site "Graasten"]
[Date "2011.06.02"]
[Round "6"]
[White "Kallesen, Jesper"]
[Black "Bertelsen, Jorn"]
[Result "1-0"]
[WhiteElo "1454"]
[BlackElo "1474"]
[PlyCount "151"]
[EventDate "2011.??.??"]

1. c4 e5 2. d3 Nf6 3. g3 c6 4. Bg2 Be7 5. Nc3 d6 6. Nf3 Bg4 7. Qb3 Qc7 8. Ng5
O-O 9. Bd2 Nbd7 10. Nge4 Nxe4 11. Nxe4 Kh8 12. Rc1 Be6 13. Qc2 h6 14. b4 f5 15.
Nc3 a6 16. O-O Nf6 17. f4 exf4 18. Bxf4 Qd7 19. Na4 Bd8 20. c5 dxc5 21. Qxc5
Be7 22. Qe3 Ng4 23. Qd2 Qd4+ 24. e3 Qxb4 25. Qxb4 Bxb4 26. Rb1 Bd2 27. Rxb7
Bxe3+ 28. Bxe3 Nxe3 29. Re1 Bc8 30. Rc7 Nd5 31. Bxd5 cxd5 32. Ree7 Rg8 33. Nb6
Rb8 34. Nxd5 f4 35. Nxf4 Bf5 36. d4 Rb1+ 37. Kf2 Rb2+ 38. Re2 Rxe2+ 39. Kxe2
Rb8 40. Nd3 Rd8 41. Ke3 Kg8 42. Ra7 Re8+ 43. Ne5 Bc8 44. Kd3 Bf5+ 45. Kc3 Rc8+
46. Kb4 Rb8+ 47. Kc5 Rb5+ 48. Kd6 Rb6+ 49. Nc6 Be4 50. d5 Rb5 51. Ne7+ Kf8 52.
Rxa6 Rb7 53. Nc6 Rb5 54. Ra5 Rb2 55. Ke6 Bxd5+ 56. Kxd5 Rxh2 57. Ke6 Re2+ 58.
Ne5 Kg8 59. Kf5 Rf2+ 60. Kg4 Kh7 61. a4 g5 62. Ra7+ Kg8 63. a5 Rf6 64. a6 Re6
65. Ra8+ Kg7 66. Nd7 Re4+ 67. Kf5 Ra4 68. a7 Ra5+ 69. Ke6 h5 70. Ne5 h4 71.
gxh4 gxh4 72. Nc6 Ra6 73. Kd6 h3 74. Rb8 h2 75. Rb1 Kg6 76. Rh1 1-0

[Event "Sonderjysk EMT Basis 2 2011"]
[Site "Vojens"]
[Date "2011.06.01"]
[Round "6"]
[White "Schluenzen, Kurt"]
[Black "Jorgensen, Kristine Gejl"]
[Result "1/2-1/2"]
[WhiteElo "1131"]
[BlackElo "1038"]
[PlyCount "89"]
[EventDate "2011.??.??"]

1. d4 d5 2. c4 e6 3. Nc3 Nf6 4. Bf4 Bd6 5. Bxd6 Qxd6 6. c5 Qe7 7. e3 Nc6 8. a3
O-O 9. Nf3 h6 10. Bd3 Ng4 11. h3 e5 12. Nxd5 Qd7 13. e4 Nf6 14. Nxf6+ gxf6 15.
d5 Ne7 16. O-O Ng6 17. Nh2 Qe7 18. b4 Nh4 19. Qh5 f5 20. exf5 Qg5 21. Qxg5+
hxg5 22. g4 Re8 23. Be4 b6 24. Rfe1 Bb7 25. Rad1 Rad8 26. a4 bxc5 27. bxc5 a5
28. d6 Bxe4 29. Rxe4 cxd6 30. cxd6 f6 31. Rd5 Rb8 32. Rd1 Rb3 33. Re3 Rb4 34.
Ra1 Rd8 35. Rd3 Rd4 36. Rxd4 exd4 37. Kf1 Rxd6 38. Ke2 Kf8 39. Rd1 Ng2 40. Nf3
Nf4+ 41. Kf1 d3 42. Ng1 Rd4 43. f3 Rxa4 44. Kf2 Rd4 45. Rd2 1/2-1/2

[Event "Sonderjysk EMT Basis 2 2011"]
[Site "Vojens"]
[Date "2011.06.06"]
[Round "6"]
[White "Petersen, Broder"]
[Black "Jorgensen, Palle Gejl"]
[Result "1-0"]
[WhiteElo "1451"]
[BlackElo "1425"]
[PlyCount "59"]
[EventDate "2011.??.??"]

1. c4 e5 2. e4 Nf6 3. Nc3 Bc5 4. h3 Nc6 5. d3 h6 6. f4 exf4 7. Bxf4 d6 8. Be2
Be6 9. Nf3 Qd7 10. d4 Bb4 11. Bd3 Bxc4 12. Bxc4 Nxe4 13. O-O Nxc3 14. Qe1+ Qe7
15. bxc3 O-O 16. Qxe7 Nxe7 17. cxb4 Rae8 18. Rae1 Ng6 19. Bg3 Rd8 20. d5 a6 21.
a4 c6 22. Nh4 b5 23. Nxg6 bxc4 24. Nxf8 Kxf8 25. dxc6 d5 26. c7 Rc8 27. Rd1 f6
28. Rxd5 Kf7 29. Re1 g6 30. Rd7+ 1-0

[Event "Sonderjysk EMT Basis 2 2011"]
[Site "Vojens"]
[Date "2011.06.06"]
[Round "6"]
[White "Kristensen, Karl Martin"]
[Black "Jessen, Morten"]
[Result "1-0"]
[WhiteElo "1402"]
[BlackElo "1410"]
[PlyCount "29"]
[EventDate "2011.??.??"]

1. c4 e5 2. Nc3 b6 3. e4 Bb7 4. d3 Nc6 5. Be3 Nge7 6. f4 f6 7. f5 g6 8. g4 d6
9. h4 Qd7 10. Bh3 gxf5 11. g5 O-O-O 12. gxf6 Kb8 13. fxe7 Nxe7 14. Nd5 Rg8 15.
Nf6 1-0

[Event "Sonderjysk EMT Basis 2 2011"]
[Site "Vojens"]
[Date "2011.06.06"]
[Round "6"]
[White "Jorgensen, Ken Gejl"]
[Black "Hansen, Uwe"]
[Result "0-1"]
[WhiteElo "1390"]
[BlackElo "1392"]
[PlyCount "92"]
[EventDate "2011.??.??"]

1. e4 e5 2. Nf3 Nc6 3. d4 exd4 4. Bc4 Qf6 5. Ng5 Nh6 6. c3 Bc5 7. O-O d6 8. Qh5
Ne5 9. Qd1 Nxc4 10. b3 Ne5 11. b4 Bb6 12. cxd4 Nc6 13. d5 Nxb4 14. Qa4+ Bd7 15.
Qxb4 Qxa1 16. Bb2 Qxa2 17. Bxg7 Rg8 18. Bxh6 Rg6 19. Nc3 Qa5 20. Qb2 Rxh6 21.
Nb5 f6 22. Nxc7+ Bxc7 23. Nxh7 Qb6 24. Nxf6+ Kf7 25. Qxb6 Bxb6 26. Nxd7 Bc7 27.
Rb1 Ke7 28. Rxb7 Kxd7 29. f4 a5 30. g4 Rhh8 31. g5 Rab8 32. Rxb8 Rxb8 33. g6
Ke7 34. Kg2 Kf6 35. f5 a4 36. h4 a3 37. h5 a2 38. Kf3 a1=Q 39. h6 Qc3+ 40. Kg4
Qe3 41. e5+ Qxe5 42. g7 Qxf5+ 43. Kg3 Rb3+ 44. Kg2 Qf3+ 45. Kg1 Bb6+ 46. Kh2
Qg3+ 0-1

[Event "Sonderjysk EMT Basis 2 2011"]
[Site "Vojens"]
[Date "2011.06.06"]
[Round "6"]
[White "Clausen, Susan"]
[Black "Larsen, Finn (1954)"]
[Result "1/2-1/2"]
[WhiteElo "1436"]
[BlackElo "1047"]
[PlyCount "82"]
[EventDate "2011.??.??"]

1. d4 d5 2. e3 e6 3. Nf3 c5 4. b3 cxd4 5. exd4 Nf6 6. Bd3 Bd6 7. c3 Nc6 8. h3
a6 9. O-O O-O 10. Be3 h6 11. Nbd2 Bd7 12. Qc2 Qc8 13. Nh4 e5 14. dxe5 Bxe5 15.
f4 Bb8 16. f5 Ne5 17. Be2 Re8 18. Bd4 Ba7 19. Bxa7 Rxa7 20. Kh1 d4 21. c4 b6
22. Ne4 Nxe4 23. Qxe4 Nc6 24. Qf3 Ne5 25. Qg3 f6 26. Rad1 Nc6 27. Bf3 Qd8 28.
Bd5+ Kh7 29. Ng6 Qc8 30. Qg4 Ne5 31. Nxe5 Rxe5 32. Be4 Qc5 33. Qf3 Bc8 34. g4
Rae7 35. Bd5 b5 36. Rb1 Re3 37. Qg2 Re2 38. Qg3 R7e3 39. Rf3 d3 40. Rd1 Rxf3
41. Qxf3 Re3 1/2-1/2

[Event "Sonderjysk EMT Basis 2 2011"]
[Site "Vojens"]
[Date "2011.06.06"]
[Round "6"]
[White "Beck, Kresten"]
[Black "Pedersen, Michael"]
[Result "1-0"]
[WhiteElo "1257"]
[BlackElo "1199"]
[PlyCount "105"]
[EventDate "2011.??.??"]

1. e4 e5 2. Nf3 d6 3. Nc3 Nf6 4. d3 Be7 5. h3 Nc6 6. Be3 Be6 7. Be2 Qd7 8. Ng5
O-O 9. Nxe6 fxe6 10. O-O d5 11. exd5 exd5 12. Nb1 d4 13. Bg5 Nd5 14. Bxe7 Qxe7
15. Bf3 Qf7 16. Bxd5 Qxd5 17. Nd2 Rf7 18. Ne4 Ne7 19. a3 c5 20. b3 b5 21. Ng3
Ng6 22. f3 Raf8 23. Ne4 Nh4 24. Qe2 Nf5 25. Rf2 h5 26. Qd2 Ne3 27. Qe2 Qc6 28.
Re1 Nd5 29. Qd2 Nf4 30. Kh2 h4 31. Rg1 c4 32. bxc4 bxc4 33. dxc4 Qa6 34. Qb4 d3
35. Nd2 dxc2 36. Qc3 Qb6 37. Rgf1 Qg6 38. Ne4 Rd8 39. Qxc2 Nh5 40. c5 Ng3 41.
Re1 Rf4 42. c6 Nxe4 43. Rxe4 Qg3+ 44. Kg1 Rxe4 45. fxe4 Qe3 46. c7 Rc8 47. Qc4+
Kh7 48. Kf1 Qxa3 49. Rd2 Rf8+ 50. Ke2 Qg3 51. Kd1 Rf1+ 52. Qxf1 Qb3+ 53. Ke2
1-0

[Event "Sonderjysk EMT Basis 2 2011"]
[Site "Vojens"]
[Date "2011.06.09"]
[Round "7"]
[White "Kallesen, Jesper"]
[Black "Petersen, Broder"]
[Result "0-1"]
[WhiteElo "1454"]
[BlackElo "1451"]
[PlyCount "84"]
[EventDate "2011.??.??"]

1. e4 e5 2. Nf3 Nc6 3. Bb5 Nge7 4. c3 d6 5. O-O a6 6. Bc4 Be6 7. Bxe6 fxe6 8.
Qb3 Qd7 9. Qxb7 Ra7 10. Qb3 Na5 11. Qb8+ Nc8 12. Na3 Be7 13. d3 O-O 14. Be3 Rb7
15. Qa8 Na7 16. Qxb7 Nxb7 17. Bxa7 c5 18. Bb6 Bf6 19. Nc4 d5 20. exd5 exd5 21.
Ncxe5 Bxe5 22. Nxe5 Qd6 23. Rfe1 Re8 24. Bxc5 Nxc5 25. d4 Nd7 26. Nd3 Rxe1+ 27.
Rxe1 Nf6 28. f3 Qb6 29. Nb4 a5 30. Nd3 Qb5 31. Re3 Qc4 32. a3 Qb3 33. Kf2 Kf7
34. Ne5+ Kf8 35. Nd3 Nd7 36. g4 Qc2+ 37. Kg3 Qb1 38. h4 h6 39. b4 Qg1+ 40. Kf4
g5+ 41. hxg5 hxg5+ 42. Kxg5 Qxe3+ 0-1

[Event "Sonderjysk EMT Basis 2 2011"]
[Site "Vojens"]
[Date "2011.06.09"]
[Round "7"]
[White "Jorgensen, Ken Gejl"]
[Black "Bertelsen, Jorn"]
[Result "1-0"]
[WhiteElo "1390"]
[BlackElo "1474"]
[PlyCount "63"]
[EventDate "2011.??.??"]

1. e4 c5 2. Nf3 Nc6 3. Bb5 e6 4. c3 a6 5. Bxc6 bxc6 6. d4 d5 7. e5 cxd4 8. cxd4
Bb4+ 9. Nc3 Ne7 10. O-O O-O 11. a3 Ba5 12. b4 Bb6 13. Be3 Nf5 14. Bg5 Qd7 15.
g4 Ne7 16. Qd3 Bd8 17. Kh1 Ng6 18. h4 Bxg5 19. Nxg5 h6 20. Nf3 Qe7 21. g5 h5
22. Ne2 Kh7 23. Ng3 f5 24. exf6 gxf6 25. Nxh5 f5 26. Rg1 Rh8 27. Rg2 Qc7 28.
Qe3 Kg8 29. Nf6+ Kg7 30. Kg1 Nxh4 31. Nxh4 Rxh4 32. Ne8+ 1-0

[Event "Sonderjysk EMT Basis 2 2011"]
[Site "Vojens"]
[Date "2011.06.09"]
[Round "7"]
[White "Jorgensen, Kristine Gejl"]
[Black "Larsen, Finn (1954)"]
[Result "0-1"]
[WhiteElo "1038"]
[BlackElo "1047"]
[PlyCount "88"]
[EventDate "2011.??.??"]

1. e4 e5 2. Nf3 d6 3. Nc3 c5 4. d3 Nc6 5. Be2 Nf6 6. Be3 Nd4 7. Bxd4 cxd4 8.
Nd5 Nxd5 9. exd5 Qa5+ 10. Nd2 Qxd5 11. Bf3 Qb5 12. b3 d5 13. O-O Bd6 14. a4 Qa5
15. Qc1 Be6 16. Re1 O-O 17. Re2 f6 18. Qb2 Bb4 19. Rd1 Rac8 20. Nb1 Rc7 21. Na3
a6 22. Rc1 Rfc8 23. Nb1 b5 24. Qa2 bxa4 25. Qxa4 Qb6 26. Nd2 Rc5 27. Qa2 Ra5
28. Qb2 Bc3 29. Qb1 Rb5 30. Qa2 Ra5 31. Qb1 Ra3 32. Rd1 Qa5 33. h3 Ra1 34. Qxa1
Bxa1 35. Ree1 Bc3 36. Re2 Bb4 37. Ra1 Qxa1+ 38. Kh2 Bxd2 39. Rxd2 Qe1 40. c4
Qxd2 41. cxd5 Bd7 42. d6 Qf4+ 43. Kg1 Rc1+ 44. Bd1 Rxd1# 0-1

[Event "Sonderjysk EMT Basis 2 2011"]
[Site "Vojens"]
[Date "2011.06.09"]
[Round "7"]
[White "Jessen, Morten"]
[Black "Pedersen, Michael"]
[Result "1-0"]
[WhiteElo "1410"]
[BlackElo "1199"]
[PlyCount "71"]
[EventDate "2011.??.??"]

1. d4 e6 2. c4 c5 3. d5 exd5 4. cxd5 Nf6 5. Nc3 b6 6. Bg5 Be7 7. Nf3 d6 8. e4
Nbd7 9. Bd3 O-O 10. O-O Re8 11. Re1 a6 12. a4 Bb7 13. Nd2 Rc8 14. Nc4 Ne5 15.
Nxe5 dxe5 16. Qd2 c4 17. Bc2 Bc5 18. Kh1 Qd6 19. f4 Bd4 20. f5 Ng4 21. Bh4 Qc5
22. Rf1 f6 23. Rf3 Rc7 24. Re1 Qb4 25. Bd1 b5 26. axb5 axb5 27. h3 Nh6 28. Bxf6
gxf6 29. Qxh6 Rf8 30. Rg3+ Kh8 31. Rf1 Rff7 32. Bh5 Rg7 33. Qxf6 Qe7 34. Qxe7
Rcxe7 35. Rxg7 Kxg7 36. f6+ 1-0

[Event "Sonderjysk EMT Basis 2 2011"]
[Site "Vojens"]
[Date "2011.06.09"]
[Round "7"]
[White "Jorgensen, Palle Gejl"]
[Black "Kristensen, Karl Martin"]
[Result "0-1"]
[WhiteElo "1425"]
[BlackElo "1402"]
[PlyCount "84"]
[EventDate "2011.??.??"]

1. e4 e5 2. Nf3 d6 3. Nc3 g6 4. Bc4 h6 5. h3 Bg7 6. d3 a6 7. Be3 Nf6 8. a3 Nc6
9. Qd2 b5 10. Ba2 Ne7 11. b4 c6 12. Rd1 g5 13. g4 Ng6 14. Ne2 Nf4 15. Bxf4 gxf4
16. Nc3 Qe7 17. Qe2 Be6 18. Bxe6 fxe6 19. d4 Nd7 20. Qd2 Rd8 21. Ne2 d5 22.
exd5 exd5 23. Kf1 O-O 24. Re1 e4 25. Nxf4 Qf6 26. Ne5 Nxe5 27. Nh5 Qf3 28. Rh2
Nc4 29. Qe2 Bxd4 30. Ng3 Qxg3 31. Rg2 Qxh3 32. g5 Rxf2+ 33. Qxf2 Bxf2 34. Kxf2
e3+ 35. Kg1 Rf8 36. Ree2 d4 37. gxh6+ Kh7 38. Rg7+ Kxh6 39. Reg2 Qh5 40. Rc7
Nd2 41. Rxc6+ Kh7 42. Rh2 Nf3+ 0-1

[Event "Sonderjysk EMT Basis 2 2011"]
[Site "Vojens"]
[Date "2011.06.09"]
[Round "7"]
[White "Hansen, Uwe"]
[Black "Clausen, Susan"]
[Result "1-0"]
[WhiteElo "1392"]
[BlackElo "1436"]
[PlyCount "97"]
[EventDate "2011.??.??"]

1. e4 e6 2. Nc3 c6 3. d4 d6 4. Nf3 c5 5. dxc5 Nc6 6. cxd6 Bxd6 7. Bb5 Nge7 8.
Nd4 O-O 9. Nxc6 bxc6 10. Bd3 Qc7 11. Qf3 Ng6 12. g3 Ne5 13. Qe2 a5 14. O-O Nxd3
15. cxd3 Ba6 16. Be3 Rfd8 17. Qc2 Be5 18. Rad1 Bd4 19. Bxd4 Rxd4 20. Ne2 Rd7
21. Qc3 c5 22. Nc1 Rad8 23. b3 f5 24. f3 h5 25. Rf2 Kf7 26. Rc2 Rc8 27. Kf2 g5
28. Qd2 Rg8 29. Rc3 fxe4 30. fxe4 h4 31. Qe3 c4 32. bxc4 Ke8 33. Rf1 Rf7+ 34.
Ke1 Rxf1+ 35. Kxf1 Qf7+ 36. Ke1 Qf6 37. Rc2 Rf8 38. Qe2 Qd4 39. Qh5+ Kd7 40.
Qxg5 Qg1+ 41. Kd2 Rf2+ 42. Kc3 Qe1+ 43. Kb2 Qb4+ 44. Nb3 Rxc2+ 45. Kxc2 Bb7 46.
Qxa5 Qxa5 47. Nxa5 Bc6 48. Nxc6 Kxc6 49. gxh4 1-0

[Event "Sonderjysk EMT Basis 2 2011"]
[Site "Vojens"]
[Date "2011.06.09"]
[Round "7"]
[White "Underbjerg, Niels"]
[Black "Beck, Kresten"]
[Result "1/2-1/2"]
[WhiteElo "1218"]
[BlackElo "1257"]
[PlyCount "92"]
[EventDate "2011.??.??"]

1. e4 e5 2. Nf3 d6 3. Bc4 Nc6 4. O-O h6 5. d4 exd4 6. Nxd4 Bd7 7. Qf3 Qf6 8.
Qxf6 Nxf6 9. Nb5 Rc8 10. Re1 a6 11. N5c3 Be7 12. Nd2 O-O 13. Nf3 Nh7 14. h3 Bf6
15. Bd2 Rfe8 16. a3 Ne5 17. Nxe5 Bxe5 18. Rab1 b5 19. Be2 Bc6 20. Bg4 Rb8 21.
Nd5 Bxd5 22. exd5 Bf6 23. b4 Re5 24. Rxe5 Bxe5 25. Re1 Kf8 26. f4 Bd4+ 27. Kh1
Nf6 28. Bf3 Re8 29. Rxe8+ Kxe8 30. c3 Bb6 31. g4 Nd7 32. Kg2 f6 33. Kg3 Ke7 34.
Kh4 Nf8 35. g5 hxg5+ 36. fxg5 Ng6+ 37. Kh5 Ne5 38. Be4 Nc4 39. Bc1 Be3 40. Bxe3
Nxe3 41. Bh7 Nc4 42. Kg6 Ne5+ 43. Kxg7 fxg5 44. Be4 Nf7 45. Bf5 Ne5 46. Kh6 Kf6
1/2-1/2